Widok standardowy
Widok MARC
Pozycja Topical Term
Liczba rekordów, w których użyto hasła: 1
001 - Numer kontrolny
- control field: 40982
003 - Identyfikator numeru kontrolnego
- control field: NUKAT
005 - Data i czas ostatniej modyfikacji
- control field: 20260430105304.0
008 - Dane kontrolne kodowane (40 znaków)
- fixed length control field: 131129|||azznnbabn |a ana |
010 ## - Numer kontrolny Biblioteki Kongresu
- numer kontrolny LC: p 2013037068
035 ## - Numer systemowy
- numer systemowy: a27603143
040 ## - Instytucja sporządzająca rekord
- inst. przygot. dane do rek. khw: WA N
- język haseł przedmiotowych/tezaurus: DBN
- inst. wprow. rek. khw: WA N
150 ## - Hasło - nazwa pospolita
- nazwa posp. lub nazwa geogr. na pocz.: Umowa warszawska (1920)
450 ## - Trop zob. - nazwa pospolita
- nazwa posp. lub nazwa geogr. na pocz.: Sojusz Petlura-Piłsudski
450 ## - Trop zob. - nazwa pospolita
- nazwa posp. lub nazwa geogr. na pocz.: Sojusz Piłsudski-Petlura
450 ## - Trop zob. - nazwa pospolita
- nazwa posp. lub nazwa geogr. na pocz.: Układ Petlura-Piłsudski
450 ## - Trop zob. - nazwa pospolita
- nazwa posp. lub nazwa geogr. na pocz.: Układ Piłsudski-Petlura
450 ## - Trop zob. - nazwa pospolita
- nazwa posp. lub nazwa geogr. na pocz.: Umowa kwietniowa (1920)
550 ## - Trop zob. też - nazwa pospolita
- podpole kontrolne: g
- nazwa posp. lub nazwa geogr. na pocz.: Umowy międzynarodowe
- określnik geograficzny: Europa
- określnik chronologiczny: 1918-1939 r.
551 ## - Trop zob. też - nazwa geograficzna
- podpole kontrolne: g
- nazwa geograficzna: Polska
- określnik rzeczowy: polityka
- określnik geograficzny: Ukraina
- określnik chronologiczny: 1918-1939 r.
551 ## - Trop zob. też - nazwa geograficzna
- podpole kontrolne: g
- nazwa geograficzna: Ukraina
- określnik rzeczowy: polityka
- określnik geograficzny: Polska
- określnik chronologiczny: 1917-1941 r.
551 ## - Trop zob. też - nazwa geograficzna
- nazwa geograficzna: Polska
- określnik rzeczowy: granice
- określnik geograficzny: Ukraina
- określnik chronologiczny: 1918-1939 r.
551 ## - Trop zob. też - nazwa geograficzna
- nazwa geograficzna: Ukraina
- określnik rzeczowy: granice
- określnik geograficzny: Polska
- określnik chronologiczny: 1917-1941 r.